Logique - Mort Subite #16 - Statistiques

Statistiques générales
  • Ce quiz a été pris 82 fois
  • Le résultat moyen est 9 sur 24
Answers on the Grid
Answers color-coded by a green-red scale on the quiz's grid according to % correct below.
Coquin
Etretat
Transit
Vodka Poliakov
Ayoub
Fief
Ressasser
Saucisses
Enfant
Rever
Entracte
Donald
C'est perdu mec
Kurdistan
Laval
Alizéa
Haschisch
Curling
Convainc
Taylor Swift
Uluru
Exclamation
Ninon
Gang
Oui
Didier Giroud
Infini
Non
Sultanat
Macadam
Traumatisant
Alcoolique
Nonobstant
Angola
Baobab
SNCF
 
Statistiques - réponses
Réponse % Correct
Vodka Poliakov
52%
Laval
50%
Non
50%
Saucisses
43%
C'est perdu mec
40%
Donald
40%
Gang
40%
Ressasser
40%
Taylor Swift
40%
Alizéa
38%
Infini
38%
Rever
38%
Transit
38%
Baobab
37%
Ninon
37%
Convainc
35%
Didier Giroud
35%
Entracte
35%
Uluru
35%
Angola
33%
Fief
32%
Macadam
32%
Haschisch
28%
Traumatisant
27%
Aucun quiz correspondant
Distribution des résultats
% des personnes avec chaque résultat
Percentile par nombre de réponses
Votre historique - résultats
Vous n’avez pas pris ce quiz